Central Library OPAC University of Rajshahi

The skin of our teeth : (Record no. 19281)

MARC details
000 -LEADER
fixed length control field 00906nam a22002652 4500
001 - CONTROL NUMBER
control field 19281
003 - CONTROL NUMBER IDENTIFIER
rucl marc code BD-RjUL
005 - DATE AND TIME OF LATEST TRANSACTION
control field 20211209000417.0
008 - FIXED-LENGTH DATA ELEMENTS--GENERAL INFORMATION
fixed length control field 140223s1960 1958 enk 000 0 eng d
035 ## - SYSTEM CONTROL NUMBER
System control number (BD-RjUL)19339
040 ## - CATALOGING SOURCE
Original cataloging agency RBN
Transcribing agency RBN
Modifying agency UKM
-- GZM
-- BD-RjUL
Language of cataloging eng
041 ## - LANGUAGE CODE
Language code of text/sound track or separate title eng
082 04 - DEWEY DECIMAL CLASSIFICATION NUMBER
Classification number 812.5
Edition number 18
Author mark and year WIS 1960
090 ## - LOCALLY ASSIGNED LC-TYPE CALL NUMBER (OCLC); LOCAL CALL NUMBER (OCLC)
Classification number (OCLC) (R) ; Classification number, CALL (RLIN) (NR) PS3545.I345
Local cutter number (OCLC) ; Book number/undivided call number, CALL (RLIN) S5 1958
100 1# - MAIN ENTRY--PERSONAL NAME
Personal name Wilder, Thornton,
Dates associated with a name 1897-1975.
9 (RLIN) 55933
245 04 - TITLE STATEMENT
Title The skin of our teeth :
Remainder of title a play in three acts /
Statement of responsibility, etc. Ed. by F.Y. Thompson.
260 ## - PUBLICATION, DISTRIBUTION, ETC. (IMPRINT)
Place of publication, distribution, etc. London ;
-- New York ;
-- Toronto :
Name of publisher, distributor, etc. Longmans, Green,
Date of publication, distribution, etc. 1960
300 ## - PHYSICAL DESCRIPTION
Pagination xiv p., 1 β., 144 p. :
Size 18 cm.
490 1# - SERIES STATEMENT
Series statement Heritage of literature series,
Volume/sequential designation section B, no. 31
500 ## - GENERAL NOTE
General note "This edition first published 1958."
700 1# - ADDED ENTRY--PERSONAL NAME
Personal name Thompson, Francis Younghusband.
830 #0 - SERIES ADDED ENTRY--UNIFORM TITLE
Volume number/sequential designation section B, no. 31
830 #0 - SERIES ADDED ENTRY--UNIFORM TITLE
Uniform title Heritage of literature series,
942 ## - ADDED ENTRY ELEMENTS (KOHA)
Source of classification or shelving scheme Dewey Decimal Classification
Koha item type Books
Holdings
Lost status Source of classification or shelving scheme Damaged status Not for loan Collection code Permanent Location Current Location Shelving location Date acquired Source of acquisition Cost, normal purchase price Total Checkouts Full call number Date last seen Copy number Koha item type
  Dewey Decimal Classification   Not For Loan Non-fiction Central Library, University of Rajshahi Central Library, University of Rajshahi Reading Room 03/05/1965 Zeittinger 6.00   812.5 WIS 1960 23/02/2014 C-1 Books